| 000 | 00588 a2200169 4500 | ||
|---|---|---|---|
| 020 | _a9814289000 | ||
| 020 | _a9789814289009 | ||
| 082 | _a531.382 | ||
| 090 |
_c1501 _d1501 |
||
| 100 | 1 | _aSlawinski, Michael A. | |
| 245 | 1 | 0 |
_aWaves and rays in elastic continua / _cMichael A. Slawinski. _b(Photocopy) |
| 250 | _a2nd ed. | ||
| 260 |
_a[S.l.] : _bWorld Scientific Publishing Company, _c2007. |
||
| 300 |
_a616 p. ; _c24 cm. |
||
| 942 |
_aSNS _cBK _k531.382 SLA |
||
| 999 |
_c30112 _d30112 |
||